[Event "SVK-ch U2300"]
[Site "Liptovsky Jan"]
[Date "2024.06.17"]
[Round "6"]
[White "Fortiak, Samuel Juraj"]
[Black "Juhar, Vladimir"]
[Result "1-0"]
[WhiteElo "1759"]
[BlackElo "1643"]
[PlyCount "65"]
[EventDate "2024.06.15"]
[EventType "swiss"]
[EventRounds "8"]
[EventCountry "SVK"]
[SourceTitle "CB26_2024"]
[SourceDate "2024.06.26"]
[SourceVersion "1"]
[SourceVersionDate "2024.06.26"]
[SourceQuality "1"]

1. c4 Nf6 2. Nc3 e6 3. Nf3 b6 4. g3 Bb7 5. Bg2 Be7 6. 0-0 0-0 7. d4 d5 8. cxd5 Nxd5 9. Re1 Bb4 10. Qc2 h6 11. a3 Be7 12. Ne5 Qc8 13. Qe4 a6 14. Bd2 Ra7 15. Qg4 Nf6 16. Qh3 Bxg2 17. Kxg2 Kh7 18. g4 Ng8 19. g5 Qd8 20. Qd3+ g6 21. h4 c5 22. h5 Qxd4 23. hxg6+ Kh8 24. Nxf7+ Rxf7 25. gxf7 Qg7 26. fxg8Q+ Kxg8 27. Ne4 Rd7 28. Qc3 e5 29. Qb3+ Kh7 30. Rh1 Bxg5 31. Nxg5+ Kg6 32. Qxb6+ Kf5 33. e4+ 1-0

[Event "SVK-ch U2300"]
[Site "Liptovsky Jan"]
[Date "2024.06.16"]
[Round "3"]
[White "Fortiak, Samuel Juraj"]
[Black "Artola Pola, Gerardo"]
[Result "1-0"]
[WhiteElo "1759"]
[BlackElo "1992"]
[PlyCount "77"]
[EventDate "2024.06.15"]
[EventType "swiss"]
[EventRounds "8"]
[EventCountry "SVK"]
[SourceTitle "CB26_2024"]
[SourceDate "2024.06.26"]
[SourceVersion "1"]
[SourceVersionDate "2024.06.26"]
[SourceQuality "1"]

1. c4 Nf6 2. Nf3 g6 3. g3 Bg7 4. Bg2 0-0 5. Nc3 d5 6. cxd5 Nxd5 7. 0-0 Nb6 8. d4 Nc6 9. e3 Re8 10. b3 e5 11. dxe5 Nxe5 12. Nxe5 Bxe5 13. Bb2 c6 14. f4 Bf6 15. e4 Qd4+ 16. Rf2 Qe3 17. e5 Rd8 18. Nd5 Nxd5 19. exf6 Be6 20. Bd4 Nc3 21. Bxe3 Nxd1 22. Re2 Nxe3 23. Rxe3 Rd2 24. a4 Rad8 25. Bf1 Rc2 26. Rae1 Rdd2 27. R1e2 Rxe2 28. Bxe2 h6 29. g4 a6 30. Bd3 Rc3 31. f5 gxf5 32. gxf5 Bxb3 33. Re8+ Kh7 34. Be2 b5 35. axb5 axb5 36. Rc8 b4 37. Rc7 c5 38. Bh5 Rc2 39. Bg6+ 1-0